ESTANFLACION: UNA TEORIA RADICAL DEL DESEMPLEO Y LA INFLACION /

I tiakina i:
Ngā taipitopito rārangi puna kōrero
Kaituhi matua: Sherman, Howard J. (autor)
Hōputu: Pukapuka
Ngā marau:
Ngā Tūtohu: Tāpirihia he Tūtohu
Kāore He Tūtohu, Me noho koe te mea tuatahi ki te tūtohu i tēnei pūkete!

MARC

LEADER 00000nam^a2200000^a^4500
001 000231103
005 20250521000000.0
009 20260310104504.401
020 |a 968-6034-00-5 
035 |a 050744 
037 |a Acervo Xavier Clavigero 
082 |a 331. 137  |b SHE 
100 |a Sherman, Howard J.  |e (autor) 
245 1 0 |a ESTANFLACION:  |b UNA TEORIA RADICAL DEL DESEMPLEO Y LA INFLACION /  |c HOWARD J. SHERMAN; TR. SERGIO FERNANDEZ EVEREST 
264 |a MEXICO :  |b HARLA,  |c 1980 
300 |a 257p. 
336 |a texto  |b txt  |2 rdacontenido 
337 |a sin mediación  |b n  |2 rdamedio 
338 |a volumen  |b nc  |2 rdasoporte 
649 |a XX 
650 |a Empleo y Desempleo 
650 |a Inflación 
910 |a Fondo General 
920 |a Impresos - Libros 
930 |a Colección General 
905 |a 101 
901 |a 050744  |b IT1  |c ACC  |i 050744  |u 20250521 
902 |a https://opac.biblio.iteso.mx/vufind/Record/000231103